000 00641nam a2200205 u 4500
005 20240504063744.0
008 090617s2007 r 000 0 eng d
020 _a9789871220779
035 _aUPN01000171249
049 _aCG
050 4 _aQ126
_bW5.3
100 1 _aWitkowski, Nicolas
245 1 4 _aUna historia sentimental de las ciencias /
_cNicolas Witkowski ; tr. Víctor Goldstein.
260 _aBuenos Aires :
_bSiglo XXI,
_c2007.
300 _a276 p.
440 0 _aCiencia que ladra.
_pSerie mayor
534 _pTítulo original:
_tUne histoire sentimentale des sciences
650 4 _aCiencia
_xHistoria
_94695
905 _aLibro
999 _c143354
_d143354